000 005590000a22001810004500
003 MACL
005 20160128154539.0
008 160128b xxu||||| |||| 00| 0 eng d
040 _aMACL
_cMACL
041 _aHindi
082 _a344.01/SHA
100 _aशर्मा डा. गंगा सहाय
_934981
245 _aश्रमिक विधियॉ
260 _bसैन्‍ट्रल लॉ एजेन्‍सी
_c1996
_aइलाहाबाद
350 _a140
650 _aLabour Law
_926159
942 _cHIN
_k344.01 /SHA
_2ddc
999 _c30795
_d30795